Evolutionary Multi-Criterion Optimization 7th International Conference, EMO 2013, Sheffield, UK, March 19-22, 2013. Proceedings /

This book constitutes the refereed proceedings of the 7th International Conference on Evolutionary Multi-Criterion Optimization, EMO 2013 held in Sheffield, UK, in March 2013. The 57 revised full papers presented were carefully reviewed and selected from 98 submissions. The papers are grouped in top...

Full description

Bibliographic Details
Corporate Author: SpringerLink (Online service)
Other Authors: Purshouse, Robin C. (Editor), Fleming, Peter J. (Editor), Fonseca, Carlos M. (Editor), Greco, Salvatore (Editor), Shaw, Jane (Editor)
Format: Electronic eBook
Language:English
Published: Berlin, Heidelberg : Springer Berlin Heidelberg : Imprint: Springer, 2013.
Series:Lecture Notes in Computer Science, 7811
Subjects:
Online Access:Full Text via HEAL-Link
LEADER 03097nam a22005655i 4500
001 978-3-642-37140-0
003 DE-He213
005 20151103122642.0
007 cr nn 008mamaa
008 130321s2013 gw | s |||| 0|eng d
020 |a 9783642371400  |9 978-3-642-37140-0 
024 7 |a 10.1007/978-3-642-37140-0  |2 doi 
040 |d GrThAP 
050 4 |a QA297-299.4 
072 7 |a UYA  |2 bicssc 
072 7 |a COM051300  |2 bisacsh 
082 0 4 |a 518  |2 23 
245 1 0 |a Evolutionary Multi-Criterion Optimization  |h [electronic resource] :  |b 7th International Conference, EMO 2013, Sheffield, UK, March 19-22, 2013. Proceedings /  |c edited by Robin C. Purshouse, Peter J. Fleming, Carlos M. Fonseca, Salvatore Greco, Jane Shaw. 
264 1 |a Berlin, Heidelberg :  |b Springer Berlin Heidelberg :  |b Imprint: Springer,  |c 2013. 
300 |a XVIII, 842 p. 387 illus.  |b online resource. 
336 |a text  |b txt  |2 rdacontent 
337 |a computer  |b c  |2 rdamedia 
338 |a online resource  |b cr  |2 rdacarrier 
347 |a text file  |b PDF  |2 rda 
490 1 |a Lecture Notes in Computer Science,  |x 0302-9743 ;  |v 7811 
505 0 |a Plenary talks -- New horizons -- Indicator-based methods -- Aspects of algorithm design -- Pareto-based methods -- Hybrid MCDA -- Decomposition-based methods -- Classical MCDA -- Exploratory problem analysis -- Product and process applications -- Aerospace and automotive applications -- Further real-world applications -- Under-explored challenges. 
520 |a This book constitutes the refereed proceedings of the 7th International Conference on Evolutionary Multi-Criterion Optimization, EMO 2013 held in Sheffield, UK, in March 2013. The 57 revised full papers presented were carefully reviewed and selected from 98 submissions. The papers are grouped in topical sections on plenary talks; new horizons; indicator-based methods; aspects of algorithm design; pareto-based methods; hybrid MCDA; decomposition-based methods; classical MCDA; exploratory problem analysis; product and process applications; aerospace and automotive applications; further real-world applications; and under-explored challenges. 
650 0 |a Computer science. 
650 0 |a Algorithms. 
650 0 |a Numerical analysis. 
650 0 |a Artificial intelligence. 
650 0 |a Application software. 
650 1 4 |a Computer Science. 
650 2 4 |a Numeric Computing. 
650 2 4 |a Algorithm Analysis and Problem Complexity. 
650 2 4 |a Artificial Intelligence (incl. Robotics). 
650 2 4 |a Computer Applications. 
700 1 |a Purshouse, Robin C.  |e editor. 
700 1 |a Fleming, Peter J.  |e editor. 
700 1 |a Fonseca, Carlos M.  |e editor. 
700 1 |a Greco, Salvatore.  |e editor. 
700 1 |a Shaw, Jane.  |e editor. 
710 2 |a SpringerLink (Online service) 
773 0 |t Springer eBooks 
776 0 8 |i Printed edition:  |z 9783642371394 
830 0 |a Lecture Notes in Computer Science,  |x 0302-9743 ;  |v 7811 
856 4 0 |u http://dx.doi.org/10.1007/978-3-642-37140-0  |z Full Text via HEAL-Link 
912 |a ZDB-2-SCS 
912 |a ZDB-2-LNC 
950 |a Computer Science (Springer-11645)